MDQL
is popping MORE tags! Check the
thread
!
Quizzes
Events
Quiz Creation
Community
Videos
Private Events
Remove Ads
Sign In
Join for FREE
Feedback
Dark Mode
Quiz Categories
Sports
Geography
Music
Movies
Television
Just For Fun
Miscellaneous
History
Literature
Language
Science
Gaming
Entertainment
Religion
Holiday
For Kids
Quiz Lab
Recent
Popular Today
Quiz Kudos Today
Editor Picks
Curator Picks
Quizzes by...
Day
Popularity
Type
Ratings
Length
Year
Community
Subscriptions
Recent Discussions
Orange Saloon
Badges
Playlists
Quests
Create
Leaderboards
Showdown
Live 5
Trivia Bingo
Activity
Puzzle Library
Sporcle Events
Private Events
Virtual Trivia
Globe League
Become a Host
Pub Owners
SporcleCon
Opinionation
Our Games
Videos
Blog
Mobile Apps
Partnerships
Remove Ads and Go Orange
Feedback
Music
Pop Music
The Beatles
Song
Album
Lyrics
Bands
Singers
Artist
Clip
Rock
Rap
Classical
Billboard
Country Music
Kpop
Taylor Swift
Music
Pop Music
The Beatles
Song
Album
Lyrics
Bands
Singers
Artist
Clip
Rock
Rap
Classical
Billboard
Country Music
Kpop
Taylor Swift
Random Quiz
Search Sporcle
×
Quiz Lab
Quiz Lab
Music
Green Day
Type in answers that appear in a list
Type in answers that appear in a list
Classic
Best Score? Go Orange.
Green Day Anagrams Stats
Can you name the Green Day songs from the anagrams?
By
CrookedHeart
10m
25 Questions
306 Plays
306 Plays
306 Plays
Comments
Comments
Give Quiz Kudos
Give Quiz Kudos
-
- Ratings
hide this ad
Replay
Link that replays current quiz
Next Quiz
Link to next quiz in quiz playlist
You Got
0%
They Got
Avg Score
61%
Avg Friend Score
Upgrade to see
Score Distribution
Jump to the score distribution portion of the page
Score
0/25
Timer
10:00
0
Plays Today
Anagram
Song
% Correct
Mortician Idea
American Idiot
90.2%
Grail Ova Via
¡Viva la Gloria!
85.3%
Sonic Pang
Panic Song
78.4%
Furious Buses Jab
Jesus of Suburbia
76.5%
Ironymit
Minority
73.9%
Givenowl
Longview
71.6%
Tremblebot
Letterbomb
70.3%
Payday Dare Scam
Macy's Day Parade
69%
Biter Swan
Brain Stew
68.6%
Rather Stay
Stray Heart
67.6%
Setback Sea
Basket Case
66.7%
Butler Oval
Brutal Love
66.3%
Nullify Camera
Nuclear Family
66.3%
Anagram
Song
% Correct
Knight Skater Bee
Geek Stink Breath
61.8%
Say Crunch Hound
Church on Sunday
61.1%
Seahorse Jute Sewn
East Jesus Nowhere
58.8%
Dauntrend
Redundant
56.2%
Chair Hint Die
Hitchin' a Ride
53.6%
Artery Hit Lab
At the Library
53.3%
Historic Dare
Christie Road
48.4%
Together Font
The Forgotten
47.4%
Grand Eye
Green Day
42.8%
Soon New Kon
No One Knows
37.6%
Malevolent Diva Dose
Dominated Love Slave
36.3%
Gnaw Hot One
On the Wagon
28.8%
Quiz Playlist
Details
Report
Send in Message
Add To Playlist
Classic:
Type in answers that appear in a list
Last Updated: Feb 16, 2017
Quiz Scoreboard
CHALLENGE
Sign Up to Join the Scoreboard
Show All
Scores
Hide
Comments
May contain spoilers
Recently Published
Street Fighter Characters
by Artimus82
Gaming
60s
9x9 Crossword: Cartoon Network
by jackfrog10
Miscellaneous
3m
College Basketball Coaching Resumes
by pancakes188
Sports
9m
More to Explore
Quiz From the Vault
Featured Blog Post
Where Did the Easter Bunny Come From?
hide this ad
You Might Also Like...
Tags
anagrams
Green Day
Today's Top Quizzes in Music
Browse Music
hide this ad
Today's Top Quizzes in Green Day
Browse Green Day
Top Contributed Quizzes in Music
1
Taylor Swift All Songs (2024)
2
Guess the Artist- 70s Songs
3
7-to-1: Billboard Hot 100 #1 Hits of 2010s
4
Taylor Swift Logic Puzzle
5
Sorting Albums and Songs
6
KPOP LOGIC QUIZ
7
Guess the Taylor Swift song (Mystery Song)
8
Guess The Taylor Swift Lyrics Song #1
9
Billboard Blitz: ABBA
10
Billboard Blitz: The Beatles
Explore More
Trending Topics
NBA
Kpop
Anime
Disney
Harry Potter
Crossword
Marvel
NFL
Song
Pokémon
Country
Soccer
The Office
WWE
Puzzle
hide this ad
More By:
CrookedHeart
Quiz
Plays
Rating
Category
Featured
Created
Green Day Anagrams
306
5.00
Music
Mar 3, 2013
Go to Creator's Profile
Score Distribution
Quiz Creator Spotlight
CrookedHeart
Follow
Send a Message
Quizzes Created
-
Created Quiz Play Count
-
More By This Creator
Popular Quizzes Today
1
Find the US States - No Outlines Minefield
2
Find the Countries of Europe - No Outlines Minefield
3
The Countries of the World
4
Find the US States
5
Risky Map Clicking: Biggest States A-Z
6
US States
7
Popular People in 1961
8
Movies - When Are They Set?
More Music Quizzes
2000s Indie nostalgia (by audio clip)
Curator's Pick
Trending Quizzes
Risky Map Clicking: Least Populous States A-Z
Countries of the World: 200 Million BC
1-10 Letter G Words
Risky Map Clicking: Next State Alphabetically
Adjectives in 80s TV Shows
Recently Updated
Leaping Animals
pecheneg
Reality TV Shows (A-Z)
bhenderson79
Rickey Henderson's Hall of Fame Teammates
pecheneg
Champions League XIs: Arsenal
pecheneg
Quick Pick: Celebrities in WWE's Hall of Fame
aduchscher
A-Z Keypad Blitz II
pecheneg
Multiple Oscar Actors
pecheneg
Mystery Phrase Blitz: Oscar 'Best Actors'
pecheneg
F. Scott Fitzgerald Novels
LTH
Pick 3 Villains
ddd62291
Trending Topics
Kpop
NBA
Harry Potter
Crossword
Disney
Anime
Marvel
Puzzle
Soccer
WWE
The Office
Pokémon
Song
NFL
Country
Your Account Isn't Verified!
In order to create a playlist on Sporcle, you need to verify the email address you used during registration. Go to your
Sporcle Settings
to finish the process.
Report this User
Report this user for behavior that violates our
Community Guidelines
.
Details:
Send Report
Go to the Sporcle.com Mobile Site →
Comments